El príncipe / (Record no. 96026)

MARC details
000 -LEADER
campo de control de longitud fija 00642nam a2200193 i 4500
001 - NÚMERO DE CONTROL
campo de control 96026
003 - IDENTIFICADOR DE NÚMERO DE CONTROL
campo de control ES-MaACL
005 - FECHA Y HORA DE LA ÚLTIMA TRANSACCIÓN
campo de control 20250716025355.0
007 - CAMPO FIJO DE DESCRIPCIÓN FÍSICA--INFORMACIÓN GENERAL
campo de control de longitud fija t|
008 - DATOS DE LONGITUD FIJA--INFORMACIÓN GENERAL
campo de control de longitud fija 050609s1947 ag ||||1| spa d
100 1# - ENTRADA PRINCIPAL--NOMBRE DE PERSONA
Nombre de persona Machiavelli, Niccolò,
Fechas asociadas al nombre 1469-1527
9 (RLIN) 75181
245 13 - MENCIÓN DEL TÍTULO
Título El príncipe /
Mención de responsabilidad, etc. de Maquiavelo; antimaquiavelo de Federico el Grande; prefacio y cartas de Voltaire.
260 ## - PUBLICACIÓN, DISTRIBUCIÓN, ETC.
Lugar de publicación, distribución, etc. Buenos Aires :
Nombre del editor, distribuidor, etc. Ibero Americana,
Fecha de publicación, distribución, etc. 1947.
300 ## - DESCRIPCIÓN FÍSICA
Extensión 278 p. ;
Dimensiones 23 cm.
700 0# - ENTRADA AGREGADA--NOMBRE PERSONAL
Nombre de persona Federico
Numeración II,
Títulos y otros términos asociados al nombre Rey de Prusia.
9 (RLIN) 49068
700 0# - ENTRADA AGREGADA--NOMBRE PERSONAL
Nombre de persona Voltaire,
Fechas asociadas al nombre 1694-1778
9 (RLIN) 115721
852 ## - LOCALIZACIÓN
Ubicación ES-MaACL
Número de control de estantería C-5541
Sublocalización o colección R.25996
Holdings
Estatus retirado Estado de pérdida Estado de daño No para préstamo Biblioteca de origen Biblioteca actual Ubicación en estantería Fecha de adquisición Fuente de adquisición Total de préstamos Signatura topográfica completa Código de barras Visto por última vez Precio de reemplazo Tipo de ítem Koha
        Biblioteca del Ateneo de Madrid Biblioteca del Ateneo de Madrid Sala Palomar 17/01/2008     C-5541 1100261 23/02/2023 23/02/2023 Libro impreso